000 00507nam a2200169Ia 4500
999 _c10777
_d10777
003 OSt
005 20191217103702.0
008 190216s9999||||xx |||||||||||||| ||und||
040 _coclc
082 _a338.954
_bSAN/I
100 _aSankaran, S
_9495
245 0 _aIndian Economy Problems Policies And Development /
_cS Sankaran
250 _a25th Edn.
260 _bMargham Publications,
_c2003.
_aChennai:
650 _aEconomics
942 _cBK
_2ddc
_h338.954
_iSAN/I
_k338.954
_mSAN/I